00817nam a2200277Ia 4500008004100000020001600041100002000057245004100077245009100118260001500209260002000224260000900244300002300253300002100276300001100297500007600308650001700384650002900401650001500430650002000445650001400465650001400479650001900493650001900512700000800531160803s9999 xx 000 0 und d a0 590431978 aSchwartz, Alvin aScary stories to tell in the dark /  ccollected from folklore / retold by Alvin Schwartz ; with drawings by Stephen Gammell. aNew York : bScholastic Inc. c1981 aviii, 111 pages :  billustrations ;  c20 cm. aOriginally published: New York : HarperCollins Children's Books, c1981. aFolklore --  aGhost stories, American. aGhosts --  aHorror stories. aTales --  xFolklore. xUnited States. xUnited States. a640